[Event "Chicago Open"]
[Site "Wheeling"]
[Date "2013.05.27"]
[Round "8.18"]
[White "Vibbert, Sean"]
[Black "Shmelov, Denys"]
[Result "1/2-1/2"]
[WhiteElo "2255"]
[BlackElo "2431"]
[PlyCount "129"]
[EventDate "2013.05.??"]
[EventType "swiss"]
[EventRounds "9"]
[EventCountry "USA"]
[Source "MonRoi"]

1. e4 c6 2. d4 d5 3. Nc3 dxe4 4. Nxe4 Bf5 5. Ng3 Bg6 6. Nf3 Nd7 7. h4 h6 8. h5
Bh7 9. Bd3 Bxd3 10. Qxd3 e6 11. Bd2 Ngf6 12. O-O-O Be7 13. Ne4 Nxe4 14. Qxe4
Nf6 15. Qe2 Qd5 16. c4 Qe4 17. Qxe4 Nxe4 18. Be1 Bf6 19. Ne5 Rd8 20. f3 Nd6 21.
Bf2 O-O 22. b3 Rc8 23. g4 Rfd8 24. Bh4 b5 25. Kc2 Bxh4 26. Rxh4 bxc4 27. bxc4
f6 28. Ng6 Kf7 29. Kc3 c5 30. d5 exd5 31. cxd5 Nb5+ 32. Kc4 Nd6+ 33. Kc3 c4 34.
Nf4 Nb5+ 35. Kb4 a6 36. Rh2 c3 37. Rc2 Rb8 38. Ka5 Rdc8 39. Rb1 Rc4 40. a4 Rxf4
41. axb5 axb5 42. Rxb5 Rc8 43. Rb7+ Kf8 44. d6 Rxf3 45. Kb6 Rd3 46. d7 Rd8 47.
Kc6 Re3 48. Rb4 Rd3 49. Rb7 Kf7 50. Ra7 Re3 51. Ra4 Rd3 52. Ra7 g6 53. Rb7 gxh5
54. gxh5 f5 55. Rf2 Ke6 56. Re2+ Kf6 57. Rg2 Rd2 58. Rg6+ Kf7 59. Rb5 R8xd7 60.
Rxf5+ Ke7 61. Re5+ Kf8 62. Rc5 Rg7 63. Rxg7 Kxg7 64. Rxc3 Kh7 65. Ra3 1/2-1/2

[Event "Chicago Open"]
[Site "Wheeling"]
[Date "2013.05.27"]
[Round "8.19"]
[White "Neimer, Vitaly"]
[Black "Coraretti, Benjamin"]
[Result "1/2-1/2"]
[WhiteElo "2420"]
[BlackElo "2151"]
[PlyCount "96"]
[EventDate "2013.05.??"]
[EventType "swiss"]
[EventRounds "9"]
[EventCountry "USA"]
[Source "MonRoi"]

1. e4 e5 2. Nf3 Nc6 3. Bb5 Nf6 4. O-O Nxe4 5. d4 Nd6 6. dxe5 Nxb5 7. a4 Nbd4 8.
Nxd4 Nxd4 9. Qxd4 d5 10. Rd1 Be6 11. Qf4 Qe7 12. a5 Qb4 13. Qg3 c6 14. Nc3 Qg4
15. Be3 Qxg3 16. hxg3 h5 17. Ra4 Bf5 18. Rd2 g6 19. Ne2 Bh6 20. Bxh6 Rxh6 21.
c4 dxc4 22. Rxc4 Rd8 23. Rxd8+ Kxd8 24. a6 Kc7 25. axb7 Kxb7 26. Nd4 Be4 27.
Rb4+ Kc8 28. Nb3 Bd5 29. Nc5 a5 30. Ra4 Kc7 31. Rxa5 Kb6 32. b4 h4 33. Nd7+ Kb7
34. Nf6 Be6 35. g4 Rh8 36. Kh2 Rd8 37. Kh3 Rd4 38. Kxh4 Rxb4 39. Kg5 Rb5 40.
Rxb5+ cxb5 41. f4 b4 42. f5 gxf5 43. gxf5 Bc4 44. Ne4 Bd5 45. Nf2 b3 46. Nd1
Kc8 47. g4 Kd8 48. Kf6 Bf3 1/2-1/2

[Event "Chicago Open"]
[Site "Wheeling"]
[Date "2013.05.27"]
[Round "8.20"]
[White "Griggs, Walker"]
[Black "Mulyar, Michael"]
[Result "0-1"]
[WhiteElo "2202"]
[BlackElo "2383"]
[PlyCount "74"]
[EventDate "2013.05.??"]
[EventType "swiss"]
[EventRounds "9"]
[EventCountry "USA"]
[Source "MonRoi"]

1. e4 e5 2. Nf3 Nc6 3. Bb5 a6 4. Bxc6 dxc6 5. O-O f6 6. d4 exd4 7. Qxd4 Qxd4 8.
Nxd4 Bd7 9. a4 O-O-O 10. a5 Ne7 11. Nc3 Ng6 12. Be3 Ne5 13. b3 Ng4 14. Bf4 g5
15. Bg3 h5 16. h4 Bb4 17. Nde2 Rde8 18. Rfc1 f5 19. f3 gxh4 20. fxg4 hxg3 21.
gxf5 h4 22. Rd1 c5 23. Rxd7 Kxd7 24. Nd5 Kc6 25. Nf6 Bd2 26. Nxe8 Rxe8 27. Ra4
b5 28. axb6 cxb6 29. Kf1 a5 30. Ng1 b5 31. Ra1 Rxe4 32. Nf3 Bc3 33. Rd1 Rf4 34.
Ke2 Rxf5 35. Rd8 a4 36. bxa4 bxa4 37. Kd3 Rxf3+ 0-1

[Event "Chicago Open"]
[Site "Wheeling"]
[Date "2013.05.27"]
[Round "8.23"]
[White "Homa, Seth"]
[Black "Colas, Joshua"]
[Result "1-0"]
[WhiteElo "2307"]
[BlackElo "2201"]
[PlyCount "51"]
[EventDate "2013.05.??"]
[EventType "swiss"]
[EventRounds "9"]
[EventCountry "USA"]
[Source "MonRoi"]

1. e4 e5 2. Nf3 Nc6 3. Bc4 d6 4. Nc3 Nf6 5. Ng5 d5 6. exd5 Na5 7. Bb5+ c6 8.
dxc6 bxc6 9. Bd3 h6 10. Nge4 Nd5 11. Qh5 Qc7 12. Nxd5 cxd5 13. Bb5+ Kd8 14. Ng5
g6 15. Qf3 hxg5 16. Qf6+ Qe7 17. Qxh8 a6 18. Ba4 Bf5 19. O-O Kc7 20. d4 f6 21.
dxe5 fxe5 22. Re1 Nc4 23. b3 Qb4 24. Bxg5 Nd6 25. Qxe5 Qc5 26. c4 1-0

[Event "Chicago Open"]
[Site "Wheeling"]
[Date "2013.05.27"]
[Round "8.27"]
[White "Ulrich, Thomas"]
[Black "Santarius, Erik"]
[Result "1-0"]
[WhiteElo "2213"]
[BlackElo "2292"]
[PlyCount "126"]
[EventDate "2013.05.??"]
[EventType "swiss"]
[EventRounds "9"]
[EventCountry "USA"]
[Source "MonRoi"]

1. d4 d5 2. c4 e6 3. Nc3 Be7 4. cxd5 exd5 5. Bf4 c6 6. e3 Bf5 7. Nge2 g5 8. Be5
f6 9. Bg3 Nh6 10. h4 Nf7 11. Nc1 Qd7 12. Bd3 Na6 13. Bxa6 bxa6 14. Nd3 gxh4 15.
Rxh4 O-O 16. Qe2 Ng5 17. O-O-O Ne4 18. Nxe4 dxe4 19. Nf4 Rab8 20. Bh2 Rb5 21.
Qc4+ Kg7 22. g4 Rb4 23. Qc2 Bg6 24. Nxg6 hxg6 25. Qxe4 Re8 26. Rh1 Qd5 27. Qxd5
cxd5 28. Bg3 Kf7 29. Rh8 Rc4+ 30. Kb1 Rxh8 31. Rxh8 Bf8 32. Rh7+ Bg7 33. Rh1 a5
34. Rc1 Rxc1+ 35. Kxc1 Ke6 36. a4 Kd7 37. f3 Kc6 38. Be1 Kb6 39. e4 f5 40. gxf5
gxf5 41. e5 Bf8 42. Kd2 Be7 43. Ke3 Bg5+ 44. Kf2 Bh4+ 45. Ke2 Bd8 46. e6 Kc6
47. Bg3 Bg5 48. Be5 Kb7 49. Bd6 Kc8 50. Bc5 a6 51. Bb6 Bc1 52. b3 Bb2 53. Kd3
Ba3 54. Bxa5 Bd6 55. Ke3 Kb7 56. Bd8 Kc6 57. Bf6 f4+ 58. Kf2 Kc7 59. Be5 Bxe5
60. dxe5 a5 61. Ke2 Kd8 62. Kd3 Ke7 63. Kc3 Kxe6 1-0

[Event "Chicago Open"]
[Site "Wheeling"]
[Date "2013.05.27"]
[Round "9.2"]
[White "Mitkov, Nikola"]
[Black "Lenderman, Alex"]
[Result "1-0"]
[WhiteElo "2484"]
[BlackElo "2585"]
[PlyCount "147"]
[EventDate "2013.05.??"]
[EventType "swiss"]
[EventRounds "9"]
[EventCountry "USA"]
[Source "MonRoi"]

1. e4 c5 2. Nc3 Nc6 3. Bb5 Nd4 4. Nf3 e6 5. Ba4 Nxf3+ 6. Qxf3 a6 7. d3 Ne7 8.
Bg5 b5 9. e5 Rb8 10. Ne4 Qa5+ 11. Bd2 Qxa4 12. Nd6+ Kd8 13. b3 Qa3 14. Nxf7+
Kc7 15. Nxh8 Bb7 16. Qh3 Nc6 17. O-O Qb2 18. Nf7 Qxc2 19. Be3 Qxd3 20. Rfd1 Qe4
21. Rac1 c4 22. bxc4 bxc4 23. Nd6 Bxd6 24. exd6+ Kc8 25. Re1 Qd3 26. Red1 Qe4
27. Qh5 a5 28. Rd4 Qg6 29. Qxg6 hxg6 30. Rcxc4 e5 31. Rh4 Ba6 32. Rh8+ Kb7 33.
Rxb8+ Kxb8 34. Rc5 Kb7 35. f3 Bd3 36. Kf2 a4 37. Rc3 Bb5 38. a3 Ka6 39. Rc5 Na5
40. Rc7 Bc6 41. Bd2 Nb7 42. Bb4 Nd8 43. Rc8 Ne6 44. Bc3 e4 45. fxe4 Kb7 46. Re8
Bxe4 47. Bxg7 Kc6 48. Bf8 Kd5 49. g4 g5 50. Be7 Kc4 51. Rb8 Kd3 52. Kg3 Bc6 53.
h4 gxh4+ 54. Kxh4 Ke4 55. Rb1 Nd4 56. Re1+ Kd3 57. Rd1+ Kc4 58. Bf6 Nc2 59. g5
Be4 60. Rg1 Bg6 61. Rg3 Kd5 62. Bb2 Ne1 63. Rg4 Nd3 64. Bf6 Nc5 65. Rd4+ Kc6
66. Be7 Kb5 67. Rb4+ Kc6 68. Rb8 Ne6 69. Kg4 Kd5 70. Rg8 Bh7 71. Ra8 Bc2 72.
Ra5+ Kc4 73. Ra7 Nc5 74. Kh5 1-0

[Event "Chicago Open"]
[Site "Wheeling"]
[Date "2013.05.27"]
[Round "9.4"]
[White "Fishbein, Alexander"]
[Black "Corrales Jimenez, Fidel"]
[Result "1/2-1/2"]
[WhiteElo "2506"]
[BlackElo "2604"]
[PlyCount "141"]
[EventDate "2013.05.??"]
[EventType "swiss"]
[EventRounds "9"]
[EventCountry "USA"]
[Source "MonRoi"]

1. e4 c5 2. Nf3 d6 3. d4 cxd4 4. Nxd4 Nf6 5. Nc3 g6 6. Be2 Bg7 7. O-O O-O 8.
Nb3 Nc6 9. Bg5 Be6 10. Kh1 h6 11. Bh4 g5 12. Bg3 d5 13. Nc5 d4 14. Nb5 Bc8 15.
Nc7 Rb8 16. Nd5 e5 17. Nxf6+ Qxf6 18. Bg4 Qg6 19. h3 Rd8 20. Re1 b6 21. Nd3 a5
22. a3 Bxg4 23. Qxg4 Rbc8 24. h4 Re8 25. hxg5 hxg5 26. f3 Rcd8 27. Re2 Re6 28.
Kg1 Nb8 29. Be1 Nd7 30. Bd2 Bh6 31. g3 Kg7 32. Rh2 Rh8 33. Kg2 Nf6 34. Qf5 g4
35. Qxg6+ fxg6 36. Rah1 gxf3+ 37. Kxf3 Nh5 38. Bxh6+ Rxh6 39. Kf2 Rh7 40. Ke1
Nf6 41. Rxh7+ Nxh7 42. Nf2 Ng5 43. Ke2 Re8 44. Kd3 Ne6 45. Kc4 Rc8+ 46. Kd5
Rxc2 47. Nd3 Nc5 48. Nxe5 d3 49. Rd1 d2 50. Nc4 Nb3 51. e5 Rc1 52. Ne3 Rc8 53.
e6 a4 54. e7 Kf7 55. Kd6 Rc1 56. Rxd2 Nxd2 57. Kd7 Rc8 58. Kxc8 Kxe7 59. Nd5+
Kd6 60. Nxb6 Ne4 61. Nxa4 Nxg3 62. Nc3 Kc6 63. a4 Nf5 64. a5 g5 65. b4 Nd4 66.
Ne4 g4 67. Kb8 Nb5 68. Ng3 Nc7 69. Kc8 Na6 70. b5+ Kxb5 71. Kd7 1/2-1/2

[Event "Chicago Open"]
[Site "Wheeling"]
[Date "2013.05.27"]
[Round "9.7"]
[White "Holt, Conrad"]
[Black "Porper, Edward"]
[Result "0-1"]
[WhiteElo "2513"]
[BlackElo "2423"]
[PlyCount "92"]
[EventDate "2013.05.??"]
[EventType "swiss"]
[EventRounds "9"]
[EventCountry "USA"]
[Source "MonRoi"]

1. d4 d5 2. c4 c6 3. Nf3 e6 4. Nc3 dxc4 5. a4 Bb4 6. e3 b5 7. Bd2 a5 8. axb5
Bxc3 9. Bxc3 cxb5 10. b3 Bb7 11. bxc4 b4 12. Bb2 Nf6 13. c5 O-O 14. Bb5 Qd5 15.
O-O Bc6 16. Ba4 Nbd7 17. Bxc6 Qxc6 18. Qa4 Qd5 19. Rfd1 Rfb8 20. Nd2 Nf8 21.
Re1 Ne4 22. Nxe4 Qxe4 23. f3 Qd3 24. c6 Qd2 25. Rab1 Ng6 26. g3 Ne7 27. Ba1 b3
28. c7 Rc8 29. Qxb3 Rxc7 30. Red1 Qe2 31. Re1 Qxf3 32. Qd3 Nd5 33. Rb2 Nb4 34.
Qb1 Rac8 35. Rf2 Qd5 36. e4 Qg5 37. Ref1 Qe3 38. Qd1 Rc1 39. Qh5 g6 40. Qxa5
Nd3 41. Kg2 Rxf1 42. Rxf1 Rc2+ 43. Kh3 Qh6+ 44. Kg4 f5+ 45. Kf3 Qh5+ 46. Ke3
Qe2# 0-1

[Event "Chicago Open"]
[Site "Wheeling"]
[Date "2013.05.27"]
[Round "9.9"]
[White "Izoria, Zviad"]
[Black "Amanov, Mesgen"]
[Result "1/2-1/2"]
[WhiteElo "2585"]
[BlackElo "2510"]
[PlyCount "37"]
[EventDate "2013.05.??"]
[EventType "swiss"]
[EventRounds "9"]
[EventCountry "USA"]
[Source "MonRoi"]

1. e4 c5 2. b3 Nc6 3. Bb2 e5 4. Bc4 Nf6 5. Nc3 d6 6. d3 Be7 7. Nge2 O-O 8. O-O
Be6 9. h3 Nh5 10. Nd5 Bg5 11. f4 exf4 12. Ndxf4 Nxf4 13. Nxf4 Bxf4 14. Rxf4 Qg5
15. Qd2 Ne5 16. Raf1 Rae8 17. Bxe6 Rxe6 18. Bxe5 Rxe5 19. Qf2 1/2-1/2

[Event "Chicago Open"]
[Site "Wheeling"]
[Date "2013.05.27"]
[Round "9.11"]
[White "Yang, Darwin"]
[Black "Chandra, Akshat"]
[Result "1/2-1/2"]
[WhiteElo "2485"]
[BlackElo "2270"]
[PlyCount "94"]
[EventDate "2013.05.??"]
[EventType "swiss"]
[EventRounds "9"]
[EventCountry "USA"]
[Source "MonRoi"]

1. d4 Nf6 2. c4 e6 3. Nc3 Bb4 4. e3 O-O 5. Bd3 d5 6. Nf3 c5 7. O-O dxc4 8. Bxc4
Nbd7 9. Qe2 cxd4 10. exd4 Nb6 11. Bd3 Nbd5 12. Ne4 b6 13. Bg5 Bb7 14. a3 Be7
15. Rfd1 Rc8 16. Ng3 h6 17. Ne5 Qc7 18. Bd2 Bd6 19. Re1 Rfe8 20. Rad1 Bf8 21.
h4 Red8 22. Bb1 Bd6 23. Rc1 Qe7 24. Rxc8 Rxc8 25. Qd3 Qc7 26. Nf1 Ne7 27. Nh2
Nf5 28. Nhf3 h5 29. Bg5 Nd5 30. Qe2 g6 31. Bd2 Re8 32. Rc1 Qb8 33. Re1 Qc7 34.
Bd3 Kg7 35. Rc1 Qb8 36. Bb5 Rc8 37. Rxc8 Qxc8 38. g3 Qc7 39. Nc4 Be7 40. Ba4
Bf6 41. Qd3 Ba6 42. Bb3 Kg8 43. Ba2 Nd6 44. b3 Nf5 45. Bb1 Nd6 46. Ba2 Nf5 47.
Bb1 Nd6 1/2-1/2

[Event "Chicago Open"]
[Site "Wheeling"]
[Date "2013.05.27"]
[Round "9.12"]
[White "Diamant, Andre"]
[Black "Kleinman, Michael"]
[Result "1-0"]
[WhiteElo "2479"]
[BlackElo "2302"]
[PlyCount "75"]
[EventDate "2013.05.??"]
[EventType "swiss"]
[EventRounds "9"]
[EventCountry "USA"]
[Source "MonRoi"]

1. e4 c5 2. Nf3 e6 3. g3 d5 4. exd5 exd5 5. Bg2 Nf6 6. O-O Be7 7. d4 O-O 8. Nc3
Nc6 9. Be3 c4 10. b3 cxb3 11. axb3 Bf5 12. Ne2 Nb4 13. Ne1 Re8 14. c3 Nc6 15.
Nd3 h6 16. c4 Be4 17. f3 Bf5 18. Bf2 Nb4 19. Nef4 Nxd3 20. Nxd3 Bd6 21. Qd2 a6
22. Rfe1 Rc8 23. c5 Bb8 24. Bf1 Bxd3 25. Bxd3 Qd7 26. b4 Rxe1+ 27. Rxe1 Re8 28.
Rb1 Re7 29. b5 axb5 30. Rxb5 h5 31. Qb4 Kf8 32. Ra5 Qc7 33. Ra8 Ne8 34. Qb3 Nf6
35. Qb4 g6 36. c6 b6 37. Be3 Kg7 38. Rxb8 1-0

[Event "Chicago Open"]
[Site "Wheeling"]
[Date "2013.05.27"]
[Round "9.13"]
[White "Gerzhoy, Leonid"]
[Black "Homa, Seth"]
[Result "1-0"]
[WhiteElo "2469"]
[BlackElo "2307"]
[PlyCount "101"]
[EventDate "2013.05.??"]
[EventType "swiss"]
[EventRounds "9"]
[EventCountry "USA"]
[Source "MonRoi"]

1. e4 c5 2. c3 d5 3. exd5 Qxd5 4. d4 Nf6 5. Nf3 e6 6. Bd3 Nc6 7. O-O Be7 8. c4
Qd8 9. dxc5 Bxc5 10. Nc3 O-O 11. Bg5 Be7 12. Qe2 h6 13. Bh4 Qa5 14. Rad1 Qh5
15. Bb1 Rd8 16. Rxd8+ Bxd8 17. Rd1 Be7 18. Ne4 Ne5 19. Nxf6+ gxf6 20. Bg3 Ng6
21. Bd6 Bd8 22. c5 f5 23. Qb5 Bf6 24. Bd3 Kg7 25. Be2 a6 26. Qe8 e5 27. Nxe5
Be6 28. Qxe6 fxe6 29. Bxh5 Nxe5 30. Bxe5 Bxe5 31. Rd7+ Kf6 32. Rxb7 Rb8 33.
Rxb8 Bxb8 34. b4 Ke5 35. Bf7 Kd5 36. Kf1 Be5 37. Ke2 Bc3 38. c6 Kxc6 39. Bxe6
Bxb4 40. Bxf5 Kd5 41. f4 Ba3 42. Kf3 Bc1 43. g4 a5 44. h4 Bd2 45. g5 Kd6 46.
Bg6 Ke7 47. Kg4 Kf8 48. f5 a4 49. f6 a3 50. Bc2 Kg8 51. g6 1-0

[Event "Chicago Open"]
[Site "Wheeling"]
[Date "2013.05.27"]
[Round "9.15"]
[White "Ishkhanov, Tigran"]
[Black "Troff, Kayden"]
[Result "1/2-1/2"]
[WhiteElo "2306"]
[BlackElo "2421"]
[PlyCount "109"]
[EventDate "2013.05.??"]
[EventType "swiss"]
[EventRounds "9"]
[EventCountry "USA"]
[Source "MonRoi"]

1. d4 Nf6 2. c4 g6 3. g3 c6 4. Nf3 Bg7 5. Bg2 O-O 6. O-O d5 7. b3 dxc4 8. bxc4
c5 9. Bb2 Qb6 10. Qb3 Ne4 11. Nc3 Nxc3 12. Bxc3 Nc6 13. e3 Rd8 14. Qa3 cxd4 15.
exd4 Nxd4 16. Bxd4 Bxd4 17. Nxd4 Qxd4 18. Qxe7 Be6 19. Bxb7 Rab8 20. Bd5 Rd7
21. Qa3 Bxd5 22. cxd5 Rxd5 23. Rab1 Rbd8 24. Rb4 Qc5 25. Ra4 a5 26. Qxc5 Rxc5
27. Rb1 Rd2 28. Rf4 Rxa2 29. Rb7 Rf5 30. Rxf5 gxf5 31. Rb5 f4 32. gxf4 a4 33.
Rg5+ Kf8 34. Rh5 Kg7 35. Rg5+ Kf6 36. Rh5 Kg6 37. Rg5+ Kh6 38. Rf5 Kg6 39. Rg5+
Kh6 40. Rf5 Kg7 41. Rg5+ Kf6 42. Rh5 a3 43. Rxh7 Rb2 44. Rh6+ Kf5 45. Ra6 a2
46. Kg2 Ke4 47. Ra3 Kxf4 48. Ra4+ Kg5 49. h4+ Kh5 50. Kg3 Kg6 51. Ra5 f6 52. f3
Rc2 53. Kg4 Rc4+ 54. Kg3 Rc2 55. Kg4 1/2-1/2

[Event "Chicago Open"]
[Site "Wheeling"]
[Date "2013.05.27"]
[Round "9.16"]
[White "Mulyar, Michael"]
[Black "Vibbert, Sean"]
[Result "1-0"]
[WhiteElo "2383"]
[BlackElo "2255"]
[PlyCount "87"]
[EventDate "2013.05.??"]
[EventType "swiss"]
[EventRounds "9"]
[EventCountry "USA"]
[Source "MonRoi"]

1. c4 e6 2. Nf3 Nf6 3. d4 d5 4. Nc3 Nbd7 5. cxd5 exd5 6. Bg5 c6 7. e3 Bd6 8.
Bd3 Nf8 9. Bh4 Ng6 10. Bg3 Qe7 11. Bxd6 Qxd6 12. h3 Be6 13. Qc2 O-O 14. O-O Nd7
15. Na4 Rac8 16. b4 f5 17. Nc5 b6 18. Nxe6 Qxe6 19. Rfe1 Qf6 20. Qb3 Ne7 21. e4
fxe4 22. Bxe4 Kh8 23. Bd3 Rf7 24. Rac1 Rcf8 25. Re3 Qf4 26. Qc2 g6 27. Rce1 Nf5
28. Bxf5 Rxf5 29. Qxc6 Nf6 30. Re5 Ne4 31. Qxd5 Nxf2 32. Kxf2 Qh4+ 33. Kf1
Rxf3+ 34. gxf3 Qxh3+ 35. Ke2 Qg2+ 36. Kd1 Qb2 37. Re8 Qb1+ 38. Kd2 Qxb4+ 39.
Kd3 Qa3+ 40. Qb3 Qa6+ 41. Kc2 Rxe8 42. Rxe8+ Kg7 43. Re7+ Kh6 44. Qe3+ 1-0

[Event "Chicago Open"]
[Site "Wheeling"]
[Date "2013.05.27"]
[Round "9.18"]
[White "Morshedi, Ali"]
[Black "Neimer, Vitaly"]
[Result "1/2-1/2"]
[WhiteElo "2227"]
[BlackElo "2420"]
[PlyCount "60"]
[EventDate "2013.05.??"]
[EventType "swiss"]
[EventRounds "9"]
[EventCountry "USA"]
[Source "MonRoi"]

1. e4 c5 2. Nf3 e6 3. d4 cxd4 4. Nxd4 a6 5. Be2 Nf6 6. Nc3 Qc7 7. O-O d6 8. a4
b6 9. Bg5 Nbd7 10. f4 Bb7 11. Bf3 Be7 12. Kh1 h6 13. Bh4 g5 14. e5 dxe5 15.
fxe5 gxh4 16. exf6 Nxf6 17. Ndb5 axb5 18. Nxb5 Qb8 19. Bxb7 Qxb7 20. Rxf6 h3
21. Qf3 hxg2+ 22. Kxg2 Rg8+ 23. Kf1 Qxf3+ 24. Rxf3 Bc5 25. Rg3 O-O-O 26. a5
Rxg3 27. hxg3 bxa5 28. Rxa5 Rd2 29. Na7+ Bxa7 30. Rxa7 Rxc2 1/2-1/2

[Event "Chicago Open"]
[Site "Wheeling"]
[Date "2013.05.27"]
[Round "9.21"]
[White "Francisco, Richard"]
[Black "Aripov, Iskandar"]
[Result "1/2-1/2"]
[WhiteElo "2277"]
[BlackElo "2196"]
[PlyCount "44"]
[EventDate "2013.05.??"]
[EventType "swiss"]
[EventRounds "9"]
[EventCountry "USA"]
[Source "MonRoi"]

1. d4 Nf6 2. c4 c5 3. d5 b5 4. a4 bxc4 5. Nc3 d6 6. e4 Ba6 7. f4 e6 8. dxe6
fxe6 9. e5 dxe5 10. Qxd8+ Kxd8 11. fxe5 Nd5 12. Nb5 Nc6 13. Nf3 Ncb4 14. Bg5+
Kd7 15. O-O-O Bxb5 16. axb5 h6 17. Bh4 g5 18. Bg3 Nd3+ 19. Bxd3 cxd3 20. Rxd3
Be7 21. Re1 Rhc8 22. Nd2 c4 1/2-1/2

[Event "Chicago Open"]
[Site "Wheeling"]
[Date "2013.05.27"]
[Round "9.22"]
[White "Coraretti, Benjamin"]
[Black "Shivaji, Shivkumar"]
[Result "1/2-1/2"]
[WhiteElo "2151"]
[BlackElo "2272"]
[PlyCount "60"]
[EventDate "2013.05.??"]
[EventType "swiss"]
[EventRounds "9"]
[EventCountry "USA"]
[Source "MonRoi"]

1. e4 e6 2. d4 d5 3. Nc3 Nf6 4. Bg5 dxe4 5. Nxe4 Nbd7 6. Nxf6+ Nxf6 7. Nf3 h6
8. Be3 Nd5 9. Bd2 c5 10. Bb5+ Bd7 11. Qe2 Bxb5 12. Qxb5+ Qd7 13. Qxd7+ Kxd7 14.
Ne5+ Ke8 15. dxc5 Bxc5 16. O-O Bd4 17. Ng4 h5 18. Ne3 Nf6 19. c3 Bb6 20. Nc4
Bc7 21. h4 Rc8 22. Rad1 Ng4 23. Ne3 Ne5 24. c4 f6 25. Bc3 Rd8 26. Rxd8+ Kxd8
27. Rd1+ Kc8 28. b3 Rf8 29. Kf1 f5 30. Nc2 Ng6 1/2-1/2

[Event "Chicago Open"]
[Site "Wheeling"]
[Date "2013.05.27"]
[Round "9.28"]
[White "Pamatmat, Jarod"]
[Black "Colas, Joshua"]
[Result "1/2-1/2"]
[WhiteElo "2113"]
[BlackElo "2201"]
[PlyCount "76"]
[EventDate "2013.05.??"]
[EventType "swiss"]
[EventRounds "9"]
[EventCountry "USA"]
[Source "MonRoi"]

1. d4 Nf6 2. Nf3 e6 3. c4 b6 4. g3 Bb7 5. Bg2 Be7 6. O-O O-O 7. Nc3 d6 8. Qc2
Nbd7 9. Rd1 c5 10. d5 e5 11. b3 Ne8 12. e4 g6 13. Ne1 Ng7 14. Nd3 f5 15. Bh6
fxe4 16. Nxe4 Nf6 17. Bxg7 Kxg7 18. Ng5 Bc8 19. Ne6+ Bxe6 20. dxe6 Qc8 21. Bxa8
Qxa8 22. f4 e4 23. Nf2 e3 24. Nh3 Qc8 25. f5 Ng4 26. Nf4 Rxf5 27. Qe2 Rxf4 28.
gxf4 Qxe6 29. Rd5 Bh4 30. Kg2 h5 31. Rc1 Nf6 32. Rdd1 Bf2 33. Qf3 Ng4 34. Rc2
Nh6 35. Re2 Qf6 36. Rxe3 Bxe3 37. Qxe3 Nf5 38. Qf2 a5 1/2-1/2

[Event "Chicago Open"]
[Site "Wheeling"]
[Date "2013.05.27"]
[Round "9.29"]
[White "Santarius, Erik"]
[Black "Paitrick, Derek"]
[Result "1/2-1/2"]
[WhiteElo "2292"]
[BlackElo "2094"]
[PlyCount "137"]
[EventDate "2013.05.??"]
[EventType "swiss"]
[EventRounds "9"]
[EventCountry "USA"]
[Source "MonRoi"]

1. e4 e6 2. d4 d5 3. Nd2 c5 4. exd5 Qxd5 5. Ngf3 cxd4 6. Bc4 Qd6 7. O-O Nf6 8.
Nb3 Nc6 9. Nbxd4 Nxd4 10. Qxd4 Bd7 11. Bf4 Qxd4 12. Nxd4 Rc8 13. Bb5 Bc5 14.
Bxd7+ Nxd7 15. Nb3 Be7 16. c3 O-O 17. Rad1 Nb6 18. Bg3 Nd5 19. Rd3 Rfd8 20.
Rfd1 Nf6 21. Kf1 Kf8 22. Rxd8+ Rxd8 23. Rxd8+ Bxd8 24. Bb8 Bb6 25. Bd6+ Ke8 26.
Nc5 Bxc5 27. Bxc5 a6 28. Bd4 Ke7 29. Ke2 Ne8 30. c4 Kd6 31. f4 f6 32. Kd3 Kc6
33. b4 Nd6 34. a4 h5 35. Bf2 Nf5 36. g3 Nd6 37. c5 Nf5 38. Kc4 Ne7 39. b5+
axb5+ 40. axb5+ Kc7 41. Kd4 Nf5+ 42. Ke4 Kd7 43. Be1 Ne7 44. Bc3 Nd5 45. Ba5
Ne7 46. Bd2 Kc7 47. h3 Kd7 48. Bc3 Nd5 49. Ba5 Ne7 50. Be1 Kc7 51. Kf3 Nf5 52.
Bf2 Nh6 53. g4 hxg4+ 54. hxg4 Ng8 55. g5 Ne7 56. Bd4 Nf5 57. Bc3 b6 58. c6 Nd6
59. g6 Nf5 60. Kg4 Ne7 61. Kh5 Nd5 62. Bd2 Kd6 63. Kg4 Kc5 64. f5 Kxb5 65. Bh6
Kxc6 66. Bxg7 exf5+ 67. Kxf5 Ne7+ 68. Kxf6 Nxg6 69. Kxg6 1/2-1/2

[Event "Chicago Open"]
[Site "Wheeling"]
[Date "2013.05.27"]
[Round "9.30"]
[White "Song, Edward"]
[Black "Preotu, Razvan"]
[Result "1/2-1/2"]
[WhiteElo "2093"]
[BlackElo "2221"]
[PlyCount "80"]
[EventDate "2013.05.??"]
[EventType "swiss"]
[EventRounds "9"]
[EventCountry "USA"]
[Source "MonRoi"]

1. e4 c5 2. Nf3 d6 3. d4 cxd4 4. Nxd4 Nf6 5. Nc3 a6 6. h3 e6 7. g4 Be7 8. Bg2
Nfd7 9. Be3 Qc7 10. Qd2 b5 11. a3 Nb6 12. b3 Bb7 13. O-O N8d7 14. f4 Rc8 15.
Nce2 g6 16. c3 e5 17. fxe5 dxe5 18. Nc2 Nf6 19. Ng3 Qxc3 20. Qxc3 Rxc3 21. Bxb6
Rxc2 22. Rac1 Rxc1 23. Rxc1 Bd6 24. g5 Nd7 25. Be3 Ke7 26. b4 Nf8 27. h4 Ne6
28. Ne2 Ra8 29. Nc3 Rc8 30. Nd5+ Kf8 31. Rxc8+ Bxc8 32. Bh3 Bb7 33. Bxe6 fxe6
34. Nf6 Kf7 35. Kf2 h5 36. Bb6 Be7 37. Kf3 Bc6 38. Bc7 Bxf6 39. gxf6 Kxf6 40.
Bd8+ Kf7 1/2-1/2